00461nam a2200145Ia 4500008004100000020001800041100002200059245007500081250001100156260002600167300003800193500002000231650003200251650003200283180901s9999 xx 000 0 und d a9780323394192 aAnderson, Mark W. cMark W. Anderson, Michael G. Fox.--aSectional anatomy by MRI and CT / a4th ed aUSA :bElsevierc2017 aviii, 616 pages :billustrations. aIncludes index. aMagnetic resonance imaging. aTomography, X-ray computed.